Catálogo - Centro de Recursos para el Aprendizaje y la Investigación

Volver al Sitio - CRAI Biblioteca

Constitución de la República Dominicana (Registro nro. 114248)

Detalles MARC
000 -CABECERA
campo de control de longitud fija 00602nam a2200205Ia 4500
001 - NÚMERO DE CONTROL
campo de control 114248
003 - IDENTIFICADOR DEL NÚMERO DE CONTROL
campo de control UNIBE
005 - FECHA Y HORA DE LA ÚLTIMA TRANSACCIÓN
campo de control 20251204154148.0
008 - DATOS DE LONGITUD FIJA--INFORMACIÓN GENERAL
campo de control de longitud fija 251201b1999 ||||| |||| 00| 0 spa d
040 ## - FUENTE DE LA CATALOGACIÓN
Centro/agencia transcriptor BIBLIOTECA UNIBE
Normas de descripción rda
041 ## - CÓDIGO DE LENGUA
Código de lengua del texto/banda sonora o título independiente spa
082 ## - NÚMERO DE LA CLASIFICACIÓN DECIMAL DEWEY
Número de clasificación F-RD 6016
110 #2 - ENTRADA PRINCIPAL--NOMBRE DE ENTIDAD CORPORATIVA
Nombre de entidad corporativa o nombre de jurisdicción como elemento de entrada República Dominicana. [Constitución]
9 (RLIN) 18223
245 0# - MENCIÓN DE TÍTULO
Título Constitución de la República Dominicana
260 4# - PUBLICACIÓN, DISTRIBUCIÓN, ETC.
Lugar de publicación, distribución, etc. Santo Domingo :
Nombre del editor, distribuidor, etc. Congreso Nacional,
Fecha de publicación, distribución, etc. 1999
300 4# - DESCRIPCIÓN FÍSICA
Extensión 51 páginas
505 4# - NOTA DE CONTENIDO CON FORMATO
Nota de contenido con formato Derecho constitucional dominicano
650 ## - PUNTO DE ACCESO ADICIONAL DE MATERIA--TÉRMINO DE MATERIA
Término de materia o nombre geográfico como elemento de entrada Constitución
Subdivisión geográfica República Dominicana
9 (RLIN) 18224
942 ## - ELEMENTOS DE PUNTO DE ACCESO ADICIONAL (KOHA)
Fuente del sistema de clasificación o colocación Sistema de Clasificación Decimal Dewey
Tipo de ítem Koha Folleto
Existencias
Estado de retiro Estado de pérdida Fuente del sistema de clasificación o colocación No para préstamo Código de colección Localización permanente Ubicación/localización actual Fecha de adquisición Total de préstamos Signatura topográfica completa Código de barras Fecha visto por última vez Número de copia Precio válido a partir de Tipo de ítem Koha
  Disponible Sistema de Clasificación Decimal Dewey   Folletos - Dominicanos Biblioteca Central UNIBE Biblioteca Central UNIBE 01/10/2025   F-RD 6016 F250159 04/12/2025 Ej. 1 04/12/2025 Folleto